[Event "DVM U12w 2024"]
[Site "Bad Homburg GER"]
[Date "2024.12.27"]
[Round "1"]
[White "Mersmann, Jasmin"]
[Black "Nönnig, Lotte"]
[Result "1/2-1/2"]
[Termination "normal"]
[Board "5.1"]
[WhiteElo "1527"]
[BlackElo "1635"]
[WhiteClock "00:38:58"]
[BlackClock "00:27:14"]
[WhiteTeam "Karlsruher SF 1853"]
[BlackTeam "Schachzwerge Magdeburg"]
[PlyCount "49"]
[WhiteFideId "34630287"]
[BlackFideId "34611509"]
[EventCountry "GER"]
[EventRounds "7"]
[EventType "team-swiss"]
[EventDate "2024.12.26"]

1. e4 {[%clk 01:30:58]} {[%emt 00:00:02]} e5 {[%clk 01:30:48]} {[%emt
00:00:12]} 2. Nf3 {[%clk 01:31:23]} {[%emt 00:00:05]} Nc6 {[%clk 01:31:08]}
{[%emt 00:00:09]} 3. Nc3 {[%clk 01:31:29]} {[%emt 00:00:23]} Nf6 {[%clk
01:31:11]} {[%emt 00:00:29]} 4. Bb5 {[%clk 01:31:13]} {[%emt 00:00:45]} Bb4
{[%clk 01:31:12]} {[%emt 00:00:29]} 5. d3 {[%clk 01:31:27]} {[%emt 00:00:15]}
d6 {[%clk 01:29:58]} {[%emt 00:01:45]} 6. Bg5 {[%clk 01:31:26]} {[%emt
00:00:30]} O-O {[%clk 01:19:13]} {[%emt 00:11:17]} 7. O-O {[%clk 01:31:36]}
{[%emt 00:00:19]} Ne7 {[%clk 01:18:05]} {[%emt 00:01:37]} 8. a3 {[%clk
01:30:47]} {[%emt 00:01:18]} Ba5 {[%clk 01:16:52]} {[%emt 00:01:44]} 9. b4
{[%clk 01:30:41]} {[%emt 00:00:37]} Bb6 {[%clk 01:15:49]} {[%emt 00:01:33]} 10.
Na4 {[%clk 01:30:35]} {[%emt 00:00:36]} c6 {[%clk 01:13:41]} {[%emt 00:02:38]}
11. Nxb6 {[%clk 01:28:26]} {[%emt 00:02:39]} axb6 {[%clk 01:13:27]} {[%emt
00:00:44]} 12. Bc4 {[%clk 01:28:19]} {[%emt 00:00:36]} Ng6 {[%clk 01:12:13]}
{[%emt 00:01:46]} 13. Bb3 {[%clk 01:26:44]} {[%emt 00:02:04]} h6 {[%clk
01:11:45]} {[%emt 00:00:59]} 14. Be3 {[%clk 01:26:02]} {[%emt 00:01:11]} Bg4
{[%clk 01:09:41]} {[%emt 00:02:34]} 15. h3 {[%clk 01:25:23]} {[%emt 00:01:09]}
Be6 {[%clk 01:07:42]} {[%emt 00:02:28]} 16. Nd2 {[%clk 01:25:10]} {[%emt
00:00:43]} d5 {[%clk 01:03:56]} {[%emt 00:04:11]} 17. exd5 {[%clk 01:22:48]}
{[%emt 00:02:51]} cxd5 {[%clk 01:02:59]} {[%emt 00:01:28]} 18. d4 {[%clk
01:14:05]} {[%emt 00:09:14]} Rc8 {[%clk 00:55:50]} {[%emt 00:07:39]} 19. dxe5
{[%clk 01:09:56]} {[%emt 00:04:37]} Nxe5 {[%clk 00:55:31]} {[%emt 00:00:51]}
20. f4 {[%clk 01:04:01]} {[%emt 00:06:24]} Nc6 {[%clk 00:50:49]} {[%emt
00:05:13]} 21. Nf3 {[%clk 00:58:04]} {[%emt 00:06:27]} Re8 {[%clk 00:43:27]}
{[%emt 00:07:52]} 22. Nd4 {[%clk 00:53:21]} {[%emt 00:05:13]} Bxh3 {[%clk
00:35:06]} {[%emt 00:08:51]} 23. Qd3 {[%clk 00:43:41]} {[%emt 00:10:07]} Bd7
{[%emt 00:04:05]} 24. Rfe1 {[%clk 00:41:55]} {[%emt 00:02:13]} Nxd4 {[%clk
00:27:14]} {[%emt 00:04:54]} 25. Qxd4 {[%clk 00:38:58]} {[%emt 00:03:25]} b5
26. Bxd5 Nxd5 27. Qxd5 Rxc2 28. Rad1 Re7 29. Qxb7 Qe8 30. Bf2 Ree2 31. Qxd7
Qxd7 32. Rxd7 Rxf2 33. Rd5 Rxg2+ 34. Kh1 Rh2+ 35. Kg1 Rcg2+ 36. Kf1 Ra2 37. Kg1
Rh3 38. Rxb5 Rhxa3 39. Rb8+ Kh7 40. Rb1 Rf3 41. b5 Rff2 42. b6 Rfb2 43. Rxb2
Rxb2 44. f5 h5 45. Rb7 f6 46. Rb8 h4 47. Kf1 g5 48. fxg6+ Kxg6 49. Rh8 Kg5 50.
Rb8 h3 51. Kg1 Kf4 52. b7 f5 53. Kh1 Kf3 54. Kg1 f4 55. Kh1 h2 56. Ra8 Rxb7 57.
Kxh2 Rb2+ 58. Kg1 Rb1+ 59. Kh2 Re1 60. Ra3+ Kf2 61. Ra2+ Re2 62. Ra3 f3 63. Rb3
Rc2 64. Kh3 Ke2 65. Rb1 f2 66. Kg2 Kd3 67. Rb3+ Ke2 68. Rb1 Rd2 69. Ra1 Ke3 70.
Ra3+ Ke2 71. Ra1 Ke3 72. Ra3+ Ke4 73. Ra4+ Kd5 74. Rf4 Ke5 75. Rxf2 1/2-1/2

[Event "DVM U12w 2024"]
[Site "Bad Homburg GER"]
[Date "2024.12.27"]
[Round "1"]
[White "Döscher, Nayla"]
[Black "Khachaturyan, Viktoria"]
[Result "1-0"]
[Termination "normal"]
[Board "5.2"]
[WhiteElo "1437"]
[BlackElo "966"]
[WhiteClock "00:04:13"]
[BlackClock "01:05:07"]
[WhiteTeam "Schachzwerge Magdeburg"]
[BlackTeam "Karlsruher SF 1853"]
[PlyCount "63"]
[WhiteFideId "34625046"]
[BlackFideId "16258150"]
[EventCountry "GER"]
[EventRounds "7"]
[EventType "team-swiss"]
[EventDate "2024.12.26"]

1. e4 {[%clk 01:30:58]} {[%emt 00:00:02]} e5 {[%clk 01:30:58]} {[%emt
00:00:02]} 2. Nf3 {[%clk 01:31:20]} {[%emt 00:00:08]} Nc6 {[%clk 01:31:23]}
{[%emt 00:00:06]} 3. Nc3 {[%clk 01:31:38]} {[%emt 00:00:12]} Nf6 {[%clk
01:31:44]} {[%emt 00:00:08]} 4. Bb5 {[%clk 01:31:51]} {[%emt 00:00:16]} Bb4
{[%clk 01:32:06]} {[%emt 00:00:09]} 5. d3 {[%clk 01:28:48]} {[%emt 00:03:34]}
d6 {[%clk 01:31:55]} {[%emt 00:00:41]} 6. h3 {[%clk 01:27:36]} {[%emt
00:01:41]} h6 {[%clk 01:31:55]} {[%emt 00:00:31]} 7. O-O {[%clk 01:25:57]}
{[%emt 00:02:09]} O-O {[%clk 01:32:04]} {[%emt 00:00:20]} 8. Bd2 {[%clk
01:23:26]} {[%emt 00:03:01]} Bd7 {[%clk 01:31:17]} {[%emt 00:01:17]} 9. a3
{[%clk 01:20:02]} {[%emt 00:03:54]} Bc5 {[%clk 01:29:49]} {[%emt 00:01:58]} 10.
Re1 {[%clk 01:08:32]} {[%emt 00:11:59]} Be6 {[%clk 01:29:20]} {[%emt 00:01:01]}
11. Bxc6 {[%clk 00:45:30]} {[%emt 00:23:26]} bxc6 {[%clk 01:29:26]} {[%emt
00:00:23]} 12. Qc1 {[%clk 00:43:19]} {[%emt 00:02:40]} Nh5 {[%clk 01:28:44]}
{[%emt 00:01:13]} 13. Be3 {[%clk 00:37:03]} {[%emt 00:06:42]} Qf6 {[%clk
01:28:02]} {[%emt 00:01:16]} 14. Bxc5 {[%clk 00:34:47]} {[%emt 00:02:47]} dxc5
{[%clk 01:28:19]} {[%emt 00:00:11]} 15. Qe3 {[%clk 00:32:38]} {[%emt 00:02:36]}
c4 {[%clk 01:27:51]} {[%emt 00:01:00]} 16. dxc4 {[%clk 00:31:11]} {[%emt
00:01:59]} Bxc4 {[%clk 01:28:01]} {[%emt 00:00:19]} 17. Qc5 {[%clk 00:29:59]}
{[%emt 00:01:33]} Be6 {[%clk 01:26:28]} {[%emt 00:02:14]} 18. Qxe5 {[%clk
00:27:37]} {[%emt 00:02:51]} Qg6 {[%clk 01:25:53]} {[%emt 00:01:00]} 19. Kh1
{[%clk 00:23:02]} {[%emt 00:05:08]} Rfe8 {[%clk 01:23:45]} {[%emt 00:02:38]}
20. Qxc7 {[%clk 00:21:27]} {[%emt 00:02:06]} Rac8 {[%clk 01:21:15]} {[%emt
00:02:58]} 21. Qxa7 {[%clk 00:17:58]} {[%emt 00:04:01]} Nf4 {[%clk 01:20:51]}
{[%emt 00:00:53]} 22. Rg1 {[%clk 00:16:41]} {[%emt 00:01:44]} Qh5 {[%clk
01:19:41]} {[%emt 00:01:43]} 23. Qe3 {[%clk 00:13:32]} {[%emt 00:03:24]} Nxh3
{[%clk 01:16:09]} {[%emt 00:04:16]} 24. gxh3 {[%clk 00:09:47]} {[%emt
00:04:16]} Bxh3 {[%clk 01:13:58]} {[%emt 00:02:40]} 25. Nh2 {[%clk 00:08:27]}
{[%emt 00:01:47]} Re6 {[%clk 01:11:33]} {[%emt 00:02:58]} 26. Rg3 {[%clk
00:06:32]} {[%emt 00:02:26]} Bg4 {[%clk 01:10:14]} {[%emt 00:01:48]} 27. Rxg4
{[%clk 00:06:20]} {[%emt 00:00:43]} Rg6 {[%clk 01:09:26]} {[%emt 00:01:18]} 28.
Rag1 {[%clk 00:06:07]} {[%emt 00:00:40]} Re8 {[%clk 01:06:47]} {[%emt
00:03:11]} 29. Rxg6 {[%clk 00:05:22]} {[%emt 00:01:16]} fxg6 {[%clk 01:07:10]}
{[%emt 00:00:06]} 30. Qg3 {[%clk 00:05:05]} {[%emt 00:00:41]} g5 {[%clk
01:05:44]} {[%emt 00:01:58]} 31. f4 {[%clk 00:04:35]} {[%emt 00:01:07]} Re6
{[%clk 01:05:07]} {[%emt 00:01:03]} 32. fxg5 {[%clk 00:04:13]} {[%emt
00:00:54]} hxg5 33. Qxg5 Qxg5 34. Rxg5 Rd6 35. b4 Kf7 36. Nf3 Rh6+ 37. Kg2 Ke7
38. a4 Kd7 39. a5 Kc7 40. a6 Kb8 41. Rxg7 Ka8 42. Ne5 Re6 43. Nd7 Rd6 44. Nb6+
Kb8 45. a7# 1-0

[Event "DVM U12w 2024"]
[Site "Bad Homburg GER"]
[Date "2024.12.27"]
[Round "1"]
[White "Kessler, Lisbeth Erna"]
[Black "Wang, Lexin Selina"]
[Result "1-0"]
[Termination "normal"]
[Board "5.4"]
[WhiteElo "926"]
[BlackElo "920"]
[WhiteClock "00:55:56"]
[BlackClock "00:27:49"]
[WhiteTeam "Schachzwerge Magdeburg"]
[BlackTeam "Karlsruher SF 1853"]
[PlyCount "91"]
[WhiteFideId "533025894"]
[BlackFideId "34694331"]
[EventCountry "GER"]
[EventRounds "7"]
[EventType "team-swiss"]
[EventDate "2024.12.26"]

1. e4 {[%clk 01:30:59]} {[%emt 00:00:01]} e5 {[%clk 01:30:54]} {[%emt
00:00:06]} 2. Nf3 {[%clk 01:31:25]} {[%emt 00:00:04]} Nc6 {[%clk 01:31:14]}
{[%emt 00:00:10]} 3. Bc4 {[%clk 01:31:47]} {[%emt 00:00:08]} Bc5 {[%clk
01:31:22]} {[%emt 00:00:22]} 4. d3 {[%clk 01:31:42]} {[%emt 00:00:34]} d6
{[%clk 01:31:28]} {[%emt 00:00:23]} 5. O-O {[%clk 01:31:15]} {[%emt 00:00:59]}
Nf6 {[%clk 01:31:06]} {[%emt 00:00:52]} 6. Bg5 {[%clk 01:30:29]} {[%emt
00:01:15]} h6 {[%clk 01:30:39]} {[%emt 00:00:57]} 7. Bxf6 {[%clk 01:30:10]}
{[%emt 00:00:50]} Qxf6 {[%clk 01:30:45]} {[%emt 00:00:23]} 8. Nc3 {[%clk
01:29:58]} {[%emt 00:00:43]} Bg4 {[%clk 01:30:49]} {[%emt 00:00:25]} 9. Nd5
{[%clk 01:28:47]} {[%emt 00:01:42]} Qd8 {[%clk 01:26:59]} {[%emt 00:04:20]} 10.
Bb5 {[%clk 01:27:47]} {[%emt 00:01:30]} O-O {[%clk 01:26:01]} {[%emt 00:01:28]}
11. Re1 {[%clk 01:26:39]} {[%emt 00:01:38]} Nd4 {[%clk 01:24:02]} {[%emt
00:02:29]} 12. Ba4 {[%clk 01:25:41]} {[%emt 00:01:28]} Bxf3 {[%clk 01:22:01]}
{[%emt 00:02:29]} 13. gxf3 {[%clk 01:25:58]} {[%emt 00:00:14]} Qg5+ {[%clk
01:19:44]} {[%emt 00:02:46]} 14. Kf1 {[%clk 01:25:18]} {[%emt 00:01:08]} c6
{[%clk 01:11:44]} {[%emt 00:08:34]} 15. Nc3 {[%clk 01:23:07]} {[%emt 00:02:41]}
Qf4 {[%clk 01:09:50]} {[%emt 00:02:23]} 16. Kg2 {[%clk 01:20:48]} {[%emt
00:02:50]} Qg5+ {[%clk 01:06:18]} {[%emt 00:03:55]} 17. Kf1 {[%clk 01:19:08]}
{[%emt 00:02:11]} Qh4 {[%clk 01:05:38]} {[%emt 00:01:10]} 18. Kg1 {[%clk
01:17:35]} {[%emt 00:02:03]} Rae8 {[%clk 01:02:09]} {[%emt 00:03:58]} 19. Bb3
{[%clk 01:12:15]} {[%emt 00:05:51]} Nxb3 {[%clk 01:00:19]} {[%emt 00:02:19]}
20. axb3 {[%clk 01:12:21]} {[%emt 00:00:25]} Qxf2+ {[%clk 00:58:58]} {[%emt
00:01:50]} 21. Kh1 {[%clk 01:12:25]} {[%emt 00:00:27]} Re6 {[%clk 00:58:06]}
{[%emt 00:01:22]} 22. Rf1 {[%clk 01:10:57]} {[%emt 00:01:58]} Qh4 {[%clk
00:52:02]} {[%emt 00:06:34]} 23. Qe1 {[%clk 01:10:18]} {[%emt 00:01:09]} Qh3
{[%clk 00:50:40]} {[%emt 00:01:52]} 24. Ne2 {[%clk 01:08:31]} {[%emt 00:02:14]}
Rf6 {[%clk 00:50:40]} {[%emt 00:00:33]} 25. Qg3 {[%clk 01:07:18]} {[%emt
00:01:44]} Qxg3 {[%clk 00:44:43]} {[%emt 00:06:26]} 26. Nxg3 {[%clk 01:07:09]}
{[%emt 00:00:38]} a6 {[%clk 00:44:18]} {[%emt 00:00:57]} 27. Nh5 {[%clk
01:07:02]} {[%emt 00:00:36]} Rg6 {[%clk 00:44:21]} {[%emt 00:00:27]} 28. f4
{[%clk 01:07:20]} {[%emt 00:00:12]} d5 {[%clk 00:41:13]} {[%emt 00:03:38]} 29.
fxe5 {[%clk 01:07:28]} {[%emt 00:00:21]} Rg5 {[%clk 00:41:06]} {[%emt
00:00:37]} 30. Rf5 {[%clk 01:06:26]} {[%emt 00:01:33]} dxe4 {[%clk 00:37:45]}
{[%emt 00:03:51]} 31. dxe4 {[%clk 01:06:42]} {[%emt 00:00:14]} Re8 {[%clk
00:36:48]} {[%emt 00:01:26]} 32. Rxg5 {[%clk 01:05:51]} {[%emt 00:01:22]} hxg5
{[%clk 00:36:58]} {[%emt 00:00:19]} 33. Ng3 {[%clk 01:05:36]} {[%emt 00:00:47]}
Rxe5 {[%clk 00:36:58]} {[%emt 00:00:30]} 34. c3 {[%clk 01:05:18]} {[%emt
00:00:48]} Bf2 {[%clk 00:35:38]} {[%emt 00:01:49]} 35. Ra4 {[%clk 01:03:40]}
{[%emt 00:02:09]} g4 {[%clk 00:35:34]} {[%emt 00:00:33]} 36. Ne2 {[%clk
01:03:21]} {[%emt 00:00:48]} Rh5 {[%clk 00:35:13]} {[%emt 00:00:52]} 37. Kg2
{[%clk 01:00:59]} {[%emt 00:02:52]} Be3 {[%clk 00:33:25]} {[%emt 00:02:19]} 38.
Kg3 {[%clk 01:00:49]} {[%emt 00:00:42]} Rh3+ {[%clk 00:32:27]} {[%emt
00:01:27]} 39. Kg2 {[%clk 01:00:15]} {[%emt 00:01:03]} Kh7 {[%clk 00:31:22]}
{[%emt 00:01:34]} 40. e5 {[%clk 01:00:26]} {[%emt 00:00:20]} f5 {[%clk
00:29:07]} {[%emt 00:02:45]} 41. e6 {[%clk 00:59:49]} {[%emt 00:01:07]} Kg8
{[%clk 00:29:21]} {[%emt 00:00:15]} 42. Nd4 {[%clk 00:57:45]} {[%emt 00:02:35]}
Bf4 {[%clk 00:28:44]} {[%emt 00:01:06]} 43. Nxf5 {[%clk 00:56:31]} {[%emt
00:01:44]} Rxh2+ {[%clk 00:28:36]} {[%emt 00:00:37]} 44. Kg1 {[%clk 00:56:46]}
{[%emt 00:00:16]} g5 {[%clk 00:27:41]} {[%emt 00:01:27]} 45. e7 {[%clk
00:55:53]} {[%emt 00:01:23]} Kf7 {[%clk 00:27:49]} {[%emt 00:00:20]} 46. Re4
{[%clk 00:55:56]} {[%emt 00:00:27]} g3 47. e8=Q+ Kf6 48. Qe6# 1-0

[Event "DVM U12w 2024"]
[Site "Bad Homburg GER"]
[Date "2024.12.27"]
[Round "1"]
[White "Suryaprakash, Smrithi"]
[Black "Bacakova, Klara"]
[Result "1-0"]
[Termination "normal"]
[Board "6.1"]
[WhiteElo "1527"]
[BlackElo "1539"]
[WhiteClock "00:29:34"]
[BlackClock "00:39:33"]
[WhiteTeam "SF München"]
[BlackTeam "SG Leipzig"]
[PlyCount "64"]
[WhiteFideId "34637826"]
[BlackFideId "34605762"]
[EventCountry "GER"]
[EventRounds "7"]
[EventType "team-swiss"]
[EventDate "2024.12.26"]

1. e4 {[%clk 01:30:49]} {[%emt 00:00:12]} c5 {[%clk 01:30:54]} {[%emt
00:00:06]} 2. Nf3 {[%clk 01:31:12]} {[%emt 00:00:07]} e6 {[%clk 01:31:16]}
{[%emt 00:00:07]} 3. d4 {[%clk 01:30:58]} {[%emt 00:00:45]} cxd4 {[%clk
01:31:39]} {[%emt 00:00:07]} 4. Nxd4 {[%clk 01:31:22]} {[%emt 00:00:06]} a6
{[%clk 01:31:42]} {[%emt 00:00:27]} 5. Nc3 {[%clk 01:31:34]} {[%emt 00:00:18]}
Qc7 {[%clk 01:31:59]} {[%emt 00:00:12]} 6. Be3 {[%clk 01:31:02]} {[%emt
00:01:03]} Nf6 {[%clk 01:31:59]} {[%emt 00:00:29]} 7. Qd2 {[%clk 01:30:39]}
{[%emt 00:00:54]} Bb4 {[%clk 01:31:03]} {[%emt 00:01:25]} 8. Bd3 {[%clk
01:28:59]} {[%emt 00:02:11]} Bxc3 {[%clk 01:30:53]} {[%emt 00:00:39]} 9. Qxc3
{[%clk 01:28:47]} {[%emt 00:00:42]} Qxc3+ {[%clk 01:31:14]} {[%emt 00:00:08]}
10. bxc3 {[%clk 01:29:13]} {[%emt 00:00:05]} d6 {[%clk 01:30:50]} {[%emt
00:00:54]} 11. O-O {[%clk 01:18:37]} {[%emt 00:11:05]} O-O {[%clk 01:30:53]}
{[%emt 00:00:27]} 12. h3 {[%clk 01:15:02]} {[%emt 00:04:06]} Nbd7 {[%clk
01:28:53]} {[%emt 00:02:29]} 13. f4 {[%clk 01:11:53]} {[%emt 00:03:39]} Re8
{[%clk 01:24:47]} {[%emt 00:04:36]} 14. Rfe1 {[%clk 01:05:23]} {[%emt
00:07:00]} b5 {[%clk 01:21:47]} {[%emt 00:03:23]} 15. Nb3 {[%clk 01:01:46]}
{[%emt 00:04:07]} Bb7 {[%clk 01:19:45]} {[%emt 00:02:32]} 16. Bf2 {[%clk
00:57:30]} {[%emt 00:04:46]} Rac8 {[%clk 01:18:04]} {[%emt 00:02:11]} 17. Na5
{[%clk 00:52:32]} {[%emt 00:05:29]} Ba8 {[%clk 01:17:25]} {[%emt 00:01:08]} 18.
c4 {[%clk 00:48:52]} {[%emt 00:04:11]} Nc5 {[%clk 01:05:52]} {[%emt 00:12:03]}
19. cxb5 {[%clk 00:45:07]} {[%emt 00:04:14]} Nfxe4 {[%clk 00:59:48]} {[%emt
00:06:34]} 20. bxa6 {[%clk 00:38:50]} {[%emt 00:06:46]} Nxf2 {[%clk 00:59:09]}
{[%emt 00:01:10]} 21. Kxf2 {[%clk 00:38:47]} {[%emt 00:00:33]} Nxd3+ {[%clk
00:59:29]} {[%emt 00:00:09]} 22. cxd3 {[%clk 00:39:04]} {[%emt 00:00:14]} Rc5
{[%clk 00:58:45]} {[%emt 00:01:13]} 23. Nc4 {[%clk 00:38:02]} {[%emt 00:01:33]}
Rc6 {[%clk 00:58:16]} {[%emt 00:00:57]} 24. a7 {[%clk 00:35:06]} {[%emt
00:03:27]} d5 {[%clk 00:56:30]} {[%emt 00:02:17]} 25. Na3 {[%clk 00:32:50]}
{[%emt 00:02:45]} Rc7 {[%clk 00:47:40]} {[%emt 00:09:21]} 26. Nb5 {[%clk
00:31:56]} {[%emt 00:01:23]} Rb7 {[%clk 00:48:01]} {[%emt 00:00:08]} 27. Nd6
{[%clk 00:29:34]} {[%emt 00:02:53]} Rb2+ {[%clk 00:48:17]} {[%emt 00:00:14]}
28. Re2 {[%clk 00:29:59]} {[%emt 00:00:05]} Rxe2+ {[%clk 00:48:42]} {[%emt
00:00:04]} 29. Kxe2 {[%clk 00:30:26]} {[%emt 00:00:04]} Kf8 {[%clk 00:42:01]}
{[%emt 00:07:10]} 30. Rb1 {[%clk 00:29:59]} {[%emt 00:00:57]} Rd8 {[%clk
00:41:31]} {[%emt 00:01:01]} 31. Rb8 {[%clk 00:30:01]} {[%emt 00:00:27]} Ke7
{[%clk 00:41:18]} {[%emt 00:00:43]} 32. Nxf7 {[%clk 00:29:34]} {[%emt
00:00:58]} Re8 {[%clk 00:39:33]} {[%emt 00:02:15]} 33. Nd6   Rd8   34. Nc8+  
Ke8   35. Nb6   Bc6   36. Rxd8+   Kxd8   37. a8=Q+  Bxa8   38. Nxa8   Kd7   39.
a4   Kc6   40. a5   Kb5   41. Nc7+   Kxa5   42. Nxe6   g6   43. Ng5   h6   44.
Nf7   h5   45. Ne5   Kb5   46. Nxg6   Kc6   47. Ne5+   Kd6   48. g4   hxg4  
49. hxg4   Ke6   50. g5   Ke7   51. g6   Kf6   52. f5   d4   53. Kf3   Kg7  
54. Ke4   Kf6   55. Ng4+   Kg7   56. Ke5   Kf8   57. f6   Kg8   58. g7   Kf7  
59. Nh6+   1-0

[Event "DVM U12w 2024"]
[Site "Bad Homburg GER"]
[Date "2024.12.27"]
[Round "1"]
[White "Raghavan, Madhushri"]
[Black "Bacakova, Johanna"]
[Result "1-0"]
[Termination "normal"]
[Board "6.3"]
[WhiteElo "1410"]
[BlackElo "1045"]
[WhiteClock "00:41:58"]
[BlackClock "00:37:46"]
[WhiteTeam "SF München"]
[BlackTeam "SG Leipzig"]
[PlyCount "84"]
[WhiteFideId "34688390"]
[BlackFideId "533006849"]
[EventCountry "GER"]
[EventRounds "7"]
[EventType "team-swiss"]
[EventDate "2024.12.26"]

1. d4 {[%clk 01:30:35]} {[%emt 00:00:25]} d5 {[%clk 01:30:52]} {[%emt
00:00:09]} 2. c4 {[%clk 01:30:38]} {[%emt 00:00:27]} e6 {[%clk 01:31:08]}
{[%emt 00:00:14]} 3. Nc3 {[%clk 01:30:24]} {[%emt 00:00:44]} Nf6 {[%clk
01:31:18]} {[%emt 00:00:20]} 4. Bg5 {[%clk 01:30:20]} {[%emt 00:00:34]} Be7
{[%clk 01:31:22]} {[%emt 00:00:25]} 5. Nf3 {[%clk 01:29:01]} {[%emt 00:01:50]}
O-O {[%clk 01:31:22]} {[%emt 00:00:30]} 6. e3 {[%clk 01:28:44]} {[%emt
00:00:47]} c5 {[%clk 01:30:27]} {[%emt 00:01:25]} 7. dxc5 {[%clk 01:27:58]}
{[%emt 00:01:17]} Bxc5 {[%clk 01:29:37]} {[%emt 00:01:19]} 8. Bxf6 {[%clk
01:27:25]} {[%emt 00:01:03]} Qxf6 {[%clk 01:28:29]} {[%emt 00:01:37]} 9. cxd5
{[%clk 01:26:56]} {[%emt 00:01:00]} exd5 {[%clk 01:27:43]} {[%emt 00:01:16]}
10. Qxd5 {[%clk 01:25:51]} {[%emt 00:01:36]} Bb4 {[%clk 01:25:31]} {[%emt
00:02:43]} 11. Qd4 {[%clk 01:21:12]} {[%emt 00:05:05]} Qxd4 {[%clk 01:22:45]}
{[%emt 00:03:19]} 12. Nxd4 {[%clk 01:20:57]} {[%emt 00:00:45]} Rd8 {[%clk
01:22:02]} {[%emt 00:01:14]} 13. a3 {[%clk 01:19:05]} {[%emt 00:02:22]} Ba5
{[%clk 01:20:25]} {[%emt 00:02:06]} 14. Nb3 {[%clk 01:16:31]} {[%emt 00:03:05]}
Bxc3+ {[%clk 01:19:28]} {[%emt 00:01:27]} 15. bxc3 {[%clk 01:16:18]} {[%emt
00:00:43]} Nc6 {[%clk 01:18:30]} {[%emt 00:01:28]} 16. Nd4 {[%clk 01:12:55]}
{[%emt 00:03:53]} Ne7 {[%clk 01:14:08]} {[%emt 00:04:47]} 17. g3 {[%clk
01:09:46]} {[%emt 00:03:39]} Bf5 {[%clk 01:08:55]} {[%emt 00:05:43]} 18. Bg2
{[%clk 01:08:27]} {[%emt 00:01:49]} Rd7 {[%clk 01:04:50]} {[%emt 00:04:35]} 19.
a4 {[%clk 01:04:23]} {[%emt 00:04:33]} Rc8 {[%clk 01:03:36]} {[%emt 00:01:44]}
20. Ra3 {[%clk 01:02:53]} {[%emt 00:02:00]} Bg6 {[%clk 01:01:35]} {[%emt
00:02:31]} 21. Bh3 {[%clk 01:01:31]} {[%emt 00:01:52]} f5 {[%clk 00:59:22]}
{[%emt 00:02:43]} 22. e4 {[%clk 01:00:43]} {[%emt 00:01:18]} Rc5 {[%clk
00:54:50]} {[%emt 00:05:02]} 23. O-O {[%clk 00:53:33]} {[%emt 00:07:41]} Rd6
{[%clk 00:51:09]} {[%emt 00:04:29]} 24. exf5 {[%clk 00:50:29]} {[%emt
00:03:34]} Nxf5 {[%clk 00:50:29]} {[%emt 00:01:10]} 25. Nxf5 {[%clk 00:49:57]}
{[%emt 00:01:02]} Bxf5 {[%clk 00:50:25]} {[%emt 00:00:34]} 26. Bxf5 {[%clk
00:49:50]} {[%emt 00:00:37]} Rxf5 {[%clk 00:50:12]} {[%emt 00:00:43]} 27. Rb3
{[%clk 00:48:35]} {[%emt 00:01:45]} b6 {[%clk 00:48:44]} {[%emt 00:01:58]} 28.
Rb5 {[%clk 00:45:27]} {[%emt 00:03:35]} Rdd5 {[%clk 00:47:40]} {[%emt
00:01:37]} 29. c4 {[%clk 00:44:45]} {[%emt 00:01:12]} Rc5 {[%clk 00:46:03]}
{[%emt 00:02:06]} 30. Rd1 {[%clk 00:43:35]} {[%emt 00:01:38]} Rf7 {[%clk
00:43:49]} {[%emt 00:02:47]} 31. Rd8+ {[%clk 00:42:40]} {[%emt 00:01:25]} Rf8
{[%clk 00:43:32]} {[%emt 00:00:47]} 32. Rxf8+ {[%clk 00:42:51]} {[%emt
00:00:19]} Kxf8 {[%clk 00:43:43]} {[%emt 00:00:19]} 33. Rxc5 {[%clk 00:43:05]}
{[%emt 00:00:17]} bxc5 {[%clk 00:43:42]} {[%emt 00:00:31]} 34. Kf1 {[%clk
00:43:18]} {[%emt 00:00:17]} Ke7 {[%clk 00:43:28]} {[%emt 00:00:44]} 35. Ke1
{[%clk 00:42:56]} {[%emt 00:00:51]} Kd6 {[%clk 00:42:51]} {[%emt 00:01:08]} 36.
Kd2 {[%clk 00:43:07]} {[%emt 00:00:19]} Kc6 {[%clk 00:41:27]} {[%emt 00:01:54]}
37. Ke3 {[%clk 00:42:46]} {[%emt 00:00:51]} Kb6 {[%clk 00:41:12]} {[%emt
00:00:45]} 38. Ke4 {[%clk 00:42:53]} {[%emt 00:00:24]} Ka5 {[%clk 00:40:44]}
{[%emt 00:00:57]} 39. Kd5 {[%clk 00:42:24]} {[%emt 00:00:58]} Kb4 {[%clk
00:39:57]} {[%emt 00:01:18]} 40. a5 {[%clk 00:42:15]} {[%emt 00:00:39]} a6
{[%clk 00:39:30]} {[%emt 00:00:57]} 41. f4 {[%clk 00:41:51]} {[%emt 00:00:54]}
h6 {[%clk 00:38:30]} {[%emt 00:01:31]} 42. g4 {[%clk 00:41:58]} {[%emt
00:00:23]} g6 {[%clk 00:37:46]} {[%emt 00:01:52]} 43. f5   gxf5   44. gxf5  
Kxa5   45. f6   Kb4   46. f7   a5   47. f8=Q   Kc3   48. Qxc5   a4   49. Qa3+  
Kd2   50. Qxa4   Ke3   51. Ke5   Kf3   52. c5   Ke3   53. Qb3+   Kd2   54. Kd4 
 Ke2   55. Qe3+   Kf1   56. Qd2   h5   57. Ke3   Kg1   58. Kf3   h4   59. Qg2# 
 1-0